<?xml version="1.0" encoding="UTF-8"?>
<collection xmlns="http://www.loc.gov/MARC21/slim">
 <record>
  <leader>01363nam a2200205Ia 4500</leader>
  <controlfield tag="001">CTU_237579</controlfield>
  <controlfield tag="008">210402s9999    xx            000 0 und d</controlfield>
  <datafield tag="082" ind1=" " ind2=" ">
   <subfield code="a">390.0959797</subfield>
  </datafield>
  <datafield tag="082" ind1=" " ind2=" ">
   <subfield code="b">Tr106</subfield>
  </datafield>
  <datafield tag="100" ind1=" " ind2=" ">
   <subfield code="a">Trương, Thu Trang</subfield>
  </datafield>
  <datafield tag="245" ind1=" " ind2="0">
   <subfield code="a">Tín ngưỡng thờ Mẫu, thờ Nữ thần trong cộng đồng người Hoa ở Bạc Liêu</subfield>
  </datafield>
  <datafield tag="245" ind1=" " ind2="0">
   <subfield code="c">Trương Thu Trang</subfield>
  </datafield>
  <datafield tag="260" ind1=" " ind2=" ">
   <subfield code="a">Hà Nội</subfield>
  </datafield>
  <datafield tag="260" ind1=" " ind2=" ">
   <subfield code="b">Văn hóa Dân tộc</subfield>
  </datafield>
  <datafield tag="260" ind1=" " ind2=" ">
   <subfield code="c">2019</subfield>
  </datafield>
  <datafield tag="520" ind1=" " ind2=" ">
   <subfield code="a">Nội dung sách giới thiệu quá trình di cư và định cư của cộng đồng người Hoa ở Bạc Liêu. Hệ thống các vị Mẫu và Nữ thần trong tín ngưỡng của cộng đồng người Hoa ở Bạc Liêu. Hình tượng Nữ thân, vị Mẫu, đặc điểm, cấu trúc, không gian thiêng liêng trong tín ngưỡng. Hệ thống nghi lễ, biểu tượng tôn vinh, tính cố kết cộng đồng và tạo lập vốn xã hội trong tín ngưỡng thờ Mẫu, Nữ thần của cộng đồng người Hoa ở Bạc Liêu.</subfield>
  </datafield>
  <datafield tag="650" ind1=" " ind2=" ">
   <subfield code="a">Phong tục tập quán,Manners and customs</subfield>
  </datafield>
  <datafield tag="650" ind1=" " ind2=" ">
   <subfield code="z">Việt Nam,Vietnam</subfield>
  </datafield>
  <datafield tag="910" ind1=" " ind2=" ">
   <subfield code="b">dqhieu</subfield>
  </datafield>
  <datafield tag="980" ind1=" " ind2=" ">
   <subfield code="a">Trung tâm Học liệu Trường Đại học Cần Thơ</subfield>
  </datafield>
 </record>
</collection>
